000 00683nam a22002417a 4500
005 20170124105914.0
010 _a651445
020 _c00
_a0210226773
035 _a651445
037 _bCen Lib/Ret
040 _aDPL
_bEN
082 _a309.20954
_bSOC
245 _aSocial sciences and planning in India /
_cedited by Radhakamal Mukwejee
246 _b
260 _bAsia Publishing House
_c1970
_aBombay
270 _bBombay
300 _avii, 208p.
_c21cm(Hb)
500 _aincludes index
650 _aResearch & Planning
_91694
650 _aSocial Development
_91695
700 _aMukerjee, Radhakamal
_91455
942 _2ddc
_cEN
_h309.20954
_mSOC
999 _c122688
_d122688